| 000 | 00000cas 2200000zi 4500 |
| 001 | 9.955379 |
| 003 | CaOODSP |
| 005 | 20251210080105 |
| 006 | m o d f |
| 007 | cr cn |||||||| |
| 008 | 250916c20239999mbcar p o s f0 0fre|d |
| 040 | |aCaOODSP|bfre|erda|cCaOODSP |
| 043 | |an-cn-bc|an-cnp-- |
| 086 | 1 |aA92-61F-PDF |
| 245 | 00|aBlé dur ambré de l'Ouest canadien (CWAD) : |bdonnées sur la qualité des récoltes de blé CWAD nos 1, 2 et 3, échantillons des Prairies regroupés. |
| 246 | 1 |iLes livraisons de 2024- comportent le titre : |aBlé dur ambré de l'Ouest canadien (CWAD) : |bdonnées sur la qualité des récoltes de blé CWAD, échantillons des Prairies regroupés |
| 264 | 1|a[Winnipeg] : |bCanadian Grain Commission = Commission canadienne des grains, |c[2023]- |
| 310 | |aAnnuel |
| 336 | |atexte|btxt|2rdacontent/fre |
| 337 | |ainformatique|bc|2rdamedia/fre |
| 338 | |aressource en ligne|bcr|2rdacarrier/fre |
| 362 | 1 |aParaît depuis : 2023. |
| 500 | |aPublié aussi en anglais sous le titre : Canada Western Amber Durum (CWAD) wheat. |
| 520 | |a« Le présent rapport présente des données sur la qualité des récoltes de blé dur ambré de l'Ouest canadien (CWAD) ... Les échantillons de blé ont été soumis au Programme d'échantillons de récolte de la Commission canadienne des grains par des producteurs et des compagnies céréalières. Les données sur la qualité sont compilées à partir des résultats des analyses effectuées au Laboratoire de recherches sur les grains et seront mises à jour au fur et à mesure que d'autres échantillons seront reçus. » |
| 588 | |aDescription d'après : 2023; titre de départ du fichier PDF. |
| 588 | |aDernière livraison consultée : 2024. |
| 650 | 6|aBlé dur|xQualité|zCanada (Ouest)|vStatistiques|vPériodiques. |
| 655 | 7|aPériodiques|2rvmgf |
| 655 | 7|aStatistiques|2rvmgf |
| 710 | 2 |aCommission canadienne des grains, |eorganisme de publication. |
| 710 | 2 |aLaboratoire de recherches sur les grains (Canada), |eorganisme de publication. |
| 775 | 08|tCanada Western Amber Durum (CWAD) wheat : |w(CaOODSP)9.955380 |